| 000 | 00379nam a22001577a 4500 | ||
|---|---|---|---|
| 999 |
_c13355 _d13355 |
||
| 003 | MAJU-Karachi | ||
| 005 | 20220720100852.0 | ||
| 008 | 220720b ||||| |||| 00| 0 eng d | ||
| 020 | _a9780007902378 | ||
| 040 | _cdlc | ||
| 050 |
_a822.33 _b10422 |
||
| 082 |
_222 _a822.33 _b10422 |
||
| 100 | _aWilliam Shakespeare | ||
| 245 | _aA Midsummer Night's Dream | ||
| 942 |
_2ddc _cE-L |
||